Fast Typing Words - Ending in Ing Edition - Statistics

General Stats
  • This quiz has been taken 18 times
  • The average score is 7 of 7
Answer Stats
Word to Type Word % Correct
Amazing Amazing
100%
Fling Fling
100%
Something Something
100%
Thing Thing
100%
Booing Booing
93%
Intriguing Intriguing
93%
Listing Listing
87%
No matching quizzes found
Score Distribution
Percent of People with Each Score
Percentile by Number Answered
Your Score History
You have not taken this quiz